| 000 | 01337cam a22002771i 4500 | ||
|---|---|---|---|
| 003 | SA-RiAUC | ||
| 005 | 20251001122339.0 | ||
| 008 | 250727s1926 ua g 00100 ara c | ||
| 040 |
_aSA-JeALM _bara _cSA-RiAUC _erda |
||
| 050 | 4 | _bT77. 1926 | |
| 082 | 0 | 4 |
_a259.1 _qSA-RiAUC |
| 090 |
_aن 259.1 _bط ر س |
||
| 100 | 1 |
_aالطرسوسي، إبراهيم بن علي بن أحمد، _d721-758 هجري _eمؤلف. |
|
| 245 | 1 | 2 |
_aالفتاوى الطرسوسية، أو، أنفع الوسائل إلى تحرير المسائل / _cنجم الدين إبراهيم بن علي بن أحمد بن عبد الواحد بن عبد المنعم بن عبد الصمد الطرسوسي ؛ صححه وراجع نقوله مصطفى محمد خفاجي، |
| 246 | 3 | 3 | _aأنفع الوسائل إلى تحرير المسائل |
| 264 | 1 |
_aالقاهرة : _bجماعة من الأفاضل، _bمطبعة الشرق. _c1926 |
|
| 300 |
_a356 صفحة ؛ _c24 سم |
||
| 336 |
_aنص _btxt _2rdacontent _3كتاب |
||
| 337 |
_aبدون وسيط _bn _2rdamedia |
||
| 338 |
_aمجلد _bnc _2rdacarrier |
||
| 650 | 7 |
_aالفقه الإسلامي _2aucsh |
|
| 650 | 7 |
_aالفقه الحنفي _2aucsh |
|
| 700 | 1 |
_aخفاجي، مصطفى محمد _eمصحح. |
|
| 942 |
_2ddc _cRARE BOOK _n0 |
||
| 949 |
_aSA-JeALM _d250727 _uosman123 _n1 |
||
| 999 |
_c12276 _d12276 |
||